| 000 | 00360nam a2200145Ia 4500 | ||
|---|---|---|---|
| 008 | 240624s9999 xx 000 0 und d | ||
| 041 | _aeng | ||
| 082 | _a912 LON | ||
| 100 | _aORIENT LONGMAN | ||
| 245 | _aORIENT LONGMAN SCHOOL ATLAS | ||
| 250 | _a(4th ed.) | ||
| 260 |
_c2008 _aHyderabad _bOrient Longman |
||
| 300 | _a128 : p. : cm. ; 27 | ||
| 365 |
_cRS _b30 |
||
| 999 |
_c14642 _d14642 |
||